লোডিং...

International marketing management

গ্রন্থ-পঞ্জীর বিবরন
প্রধান লেখক: Subhash C Jain
বিন্যাস: Printed Book
প্রকাশিত: CBS Publishers & Distributors, New Delhi 2008
সংস্করন:3 Edition
বিষয়গুলি:
LEADER 00506nam a2200157 4500
082 |a R 658.84 SUB-I3 
100 |a Subhash C Jain 
245 |a International marketing management  |c Subhash C Jain 
250 |a 3 Edition 
260 |a CBS Publishers & Distributors, New Delhi  |c 2008 
300 |a 758 p 
490
650 |a International Marketing 
942 |c BK 
999 |c 129331  |d 129331 
952 |0 0  |1 0  |4 0  |6 R_658_840000000000000_SUBI3  |7 0  |9 142793  |a COM  |b COM  |l 0  |o R 658.84 SUB-I3  |p COM06666  |r 2019-10-24  |w 2019-10-24  |y BK